000 01117nam a2200337 a 4500
001 4342814
003 OSt
005 20230619134846.0
008 890113s1987 ke a b 000 0 eng
010 _a 88980873
020 _a9966450033
040 _aDLC
_cDLC
_dDLC
043 _af------
050 0 0 _aP92.A4
_bM37 1987
082 0 0 _a302.23/096
_220
_bACCE
245 0 0 _aMass media and the African society /
_cedited by Jerry Domatob, Abubakar Jika, Ikechukwu Nwosu.
250 _a[1st ed.].
260 _a[Nairobi, Kenya] :
_bAfrican Council on Communication Education,
_c[1987]
300 _ax, 388 p. :
_bill. ;
_c21 cm.
440 0 _aAfrica media monograph series ;
_vno. 4
500 _aCover title.
504 _aIncludes bibliographies.
650 0 _aMass media
_zAfrica.
700 1 _aDomatob, Jerry.
700 1 _aJika, Abubakar.
700 1 _aNwosu, Ikechukwu Enoch.
710 2 _aAfrican Council on Communication Education.
906 _a7
_bcbc
_corignew
_d3
_encip
_f19
_gy-gencatlg
942 _2ddc
_cBK
999 _c1313
_d1313